000 00498nam a2200169Ia 4500
999 _c23768
_d23768
003 OSt
005 20210104095030.0
008 190216s9999||||xx |||||||||||||| ||und||
040 _coclc
082 _a894.8122
_bKAR/A
100 _aKarunakaran, Kambisseri
_98092
245 0 _aAbhinaya Chinthakal /
_cKambisseri Krunakaran
260 _bPrabhath Books ,
_aTrivandrum:
_c1966.
300 _a120p
650 _aNadakam
942 _cBK
_2ddc
_h894.8122
_iKAR/A
_k894.8122
_mKAR/A